000 00449nam a22001457a 4500
003 OSt
005 20221110190357.0
008 221006b |||||||| |||| 00| 0 eng d
040 _cBiblioteca Lado V
082 _a708
_bR337r
130 _aRegistres i Habits Maquina de Temps Imatges D'Espai
_lfra
245 _aRegistres i Habits Maquina de Temps Imatges D'Espai/
300 _c17x21cm
_a70p.
942 _2ddc
_c1
_h708
_iR337r
_n0
999 _c2574
_d2574